000 00349 a2200157 4500
001 74066
020 _a850806180-3
040 _cAnchieta - Colégio São Paulo
100 _aFernandez, Laetitia
240 1 0 _aTerceiros mundos
_lpor
245 1 0 _aTerceiros mundos
300 _a54
362 0 _a2002
650 4 _aHistória do mundo
942 _cBK
999 _c74066
_d74066